| 000 | 00810nam a22001577a 4500 | ||
|---|---|---|---|
| 003 | OSt | ||
| 005 | 20151006105020.0 | ||
| 008 | 151006b xxu||||| |||| 00| 0 eng d | ||
| 040 | _cRUA | ||
| 082 | _aAVM KHE 2005 B074 Or.1 | ||
| 100 |
_92132 _aKHEM, BORY. |
||
| 245 | _athe study of dried sweet potato vines on digestibility of avian chicken at the animal experimental station in the royal university of agriculture ( ការសិក្សាលើភាពរលាយទងដំឡូងជ្វាគ្រៀមលើមាន់សាច់ពូជ avian នៅស្ថានីយ៍ពីសោធន៍សត្វនៃសាកលវិទ្យាល័យភូមិន្ទកសិកម្ម) | ||
| 260 |
_aPhnom Penh _bRUA _c2005 |
||
| 300 |
_axi, 46p. _bill. _c29cm. |
||
| 942 |
_2ddc _cAVM |
||
| 999 |
_c2004 _d2004 |
||